Did Kanye or Hitler say it? - Statistics

General Stats
  • This quiz has been taken 69,335 times
  • The average score is 7 of 12
Answer Stats
Question Answer % Correct
"I love Jewish people, but I also love Nazis.” Kanye
95%
"For 400 years? That sounds like a choice" - In reference to slavery Kanye
84%
“...ultimate goal must definitely be the removal of the Jews altogether.” Hitler
82%
“I just think that’s what they’re about, is making money,” - In reference to a jewish family Kanye
75%
"If today I stand here as a revolutionary, it is as a revolutionary against the Revolution." Hitler
62%
"...by defending myself against the Jew, I am fighting for the work of the Lord." Hitler
60%
"We are a people of different faiths, but we are one." Hitler
56%
“Nothing in life is promised except death.” Kanye
50%
"I might have to go back to war. I just might have to" Kanye
50%
“When a man is starving in the streets, he’s not thinking about bread and water, but of caviar and champagne.” Hitler
47%
"...use you as an example to show the Jewish people that told you to call me that no one can threaten or influence me. I told you this is war." Kanye
39%
"Who says I am not under the special protection of God?" Hitler
31%
No matching quizzes found
Score Distribution
Percent of People with Each Score
Percentile by Number Answered
Your Score History
You have not taken this quiz